Islamic economic institutions and the elimination of poverty (Record no. 7264)

000 -LEADER
fixed length control field 01315 a2200289 4500
020 ## - INTERNATIONAL STANDARD BOOK NUMBER
International Standard Book Number 0860373177
020 ## - INTERNATIONAL STANDARD BOOK NUMBER
International Standard Book Number 0860373177
035 ## - SYSTEM CONTROL NUMBER
System control number (UkLWHE)b000161906
040 ## - CATALOGING SOURCE
Original cataloging agency DLC
Language of cataloging DLC
082 00 - DEWEY DECIMAL CLASSIFICATION NUMBER
Classification number 339.46091
245 00 - TITLE STATEMENT
Title Islamic economic institutions and the elimination of poverty
Statement of responsibility, etc. edited by Munawar Iqbal.
260 ## - PUBLICATION, DISTRIBUTION, ETC.
Place of publication, distribution, etc. Leicester :
Name of publisher, distributor, etc. Islamic Foundation,
Date of publication, distribution, etc. 2002.
300 ## - PHYSICAL DESCRIPTION
Extent xxiii, 310 p. ;
Dimensions 21 cm.
500 ## - GENERAL NOTE
General note Considered the second of two volumes containing the proceedings of the Fourth International Conference on Islamic Economics and Banking, held at Loughborough University UK, during August 13-15, 2000. The first volume is entitled Islamic banking and finance.
500 ## - GENERAL NOTE
General note Includes index.
500 ## - GENERAL NOTE
General note Published in association with the Islamic Development Bank and The International Association for Islamic Economics.
650 #0 - SUBJECT ADDED ENTRY--TOPICAL TERM
Topical term or geographic name entry element Banks and banking
Geographic subdivision Islamic countries.
650 #0 - SUBJECT ADDED ENTRY--TOPICAL TERM
Topical term or geographic name entry element Banks and banking
General subdivision Religious aspects
-- Islam.
650 #0 - SUBJECT ADDED ENTRY--TOPICAL TERM
Topical term or geographic name entry element Economics
General subdivision Religious aspects
-- Islam.
650 #0 - SUBJECT ADDED ENTRY--TOPICAL TERM
Topical term or geographic name entry element Finance
General subdivision Religious aspects
-- Islam.
650 #0 - SUBJECT ADDED ENTRY--TOPICAL TERM
Topical term or geographic name entry element Poverty
General subdivision Religious aspects
-- Islam.
700 1# - ADDED ENTRY--PERSONAL NAME
Personal name Iqbal, Munawar.
710 2# - ADDED ENTRY--CORPORATE NAME
Corporate name or jurisdiction name as entry element Islamic Foundation.
710 2# - ADDED ENTRY--CORPORATE NAME
Corporate name or jurisdiction name as entry element Islamic Development Bank.
710 2# - ADDED ENTRY--CORPORATE NAME
Corporate name or jurisdiction name as entry element International Association for Islamic Economics.
942 ## - ADDED ENTRY ELEMENTS (KOHA)
Koha item type Book
Call number prefix 339.46091 IQB
Source of classification or shelving scheme
Holdings
Withdrawn status Lost status Damaged status Not for loan Collection code Permanent Location Current Location Shelving location Date acquired Source of acquisition Total Checkouts Full call number Barcode Date last seen Price effective from Koha item type
          Central Library (CL) Central Library (CL) General Stacks 09/29/2003 Donation   339.46091 IQB SEECS003867 11/14/2012 01/05/2017 Book
© 2023 Central Library, National University of Sciences and Technology. All Rights Reserved.